Obce okresu Praha-východ - Statistics

General Stats
  • This quiz has been taken 25 times
  • The average score is 26 of 110
Answer Stats
Počet obyvatel Odpověď % Correct
17 143 Říčany
88%
20 313 Brandýs nad Labem-Stará Boleslav
69%
12 474 Čelákovice
69%
4 156 Kostelec nad Černými lesy
69%
7 515 Úvaly
69%
4 156 Mnichovice
63%
762 Čestlice
56%
3 253 JIrny
56%
3 024 Mukařov
56%
2 899 Strančice
56%
4 404 Nehvizdy
50%
1 883 Ondřejov
50%
3 329 Velké Popovice
50%
823 Vyžlovka
44%
947 Zápy
44%
3 301 Líbeznice
38%
6 547 Odolena Voda
38%
4 199 Šestajovice
38%
1 078 Sibřina
38%
2 088 Horoušany
31%
521 Lhota
31%
1 507 Mirošovice
31%
1 648 Mochov
31%
1 148 Radonice
31%
1 169 Tehov
31%
3 178 Zeleneč
31%
1 466 Babice
25%
711 Brázdim
25%
656 Březí
25%
756 Dřevčice
25%
2 571 Hovorčovice
25%
5 187 Kamenice
25%
844 Káraný
25%
3 938 Klecany
25%
518 Kostelní Hlavno
25%
1 004 Kozojedy
25%
1 057 Křenice
25%
2 081 Květnice
25%
1 277 Louňovice
25%
2 181 Měšice
25%
595 Modletice
25%
2 121 Nupaky
25%
618 Podolanka
25%
2 419 Přezletice
25%
2 259 Škvorec
25%
1 458 Světice
25%
1 341 Svojetice
25%
671 Tehovec
25%
830 Vodochody
25%
4 097 Zdiby
25%
336 Borek
19%
374 Černé Voděrady
19%
1 108 Dřísy
19%
481 Hlavenec
19%
927 Hrusice
19%
845 Jevany
19%
626 Klíčany
19%
345 Konětopy
19%
1 501 Lázně Toušeň
19%
390 Máslovice
19%
665 Panenské Břežany
19%
592 Sedlec
19%
1 379 Senohraby
19%
747 Sluštice
19%
234 Štíhlice
19%
1 009 Struhařov
19%
517 Sudovo Hlavno
19%
597 Svémyslice
19%
2 036 Veleň
19%
409 Veliká Ves
19%
696 Vyšehořovice
19%
599 Zvánovice
19%
3 068 Bašť
13%
969 Bořanovice
13%
1 339 Dobřejovice
13%
476 Doubek
13%
1 573 Husinec
13%
1 535 Jenštejn
13%
770 Kostelec u Křížků
13%
324 Křenek
13%
1 916 Kunice
13%
1 404 Mratín
13%
1 548 Nová Ves
13%
517 Nový Vestec
13%
639 Petříkov
13%
803 Polerady
13%
743 Sluhy
13%
2 635 Sulice
13%
1 146 Záryby
13%
428 Zlatá
13%
333 Dobročovice
6%
389 Kaliště
6%
290 Klokočná
6%
290 Konojedy
6%
389 Nučice
6%
486 Popovičky
6%
1 424 Předboj
6%
541 Radějovice
6%
1 553 Stříbrná Skalice
6%
1 377 Zlonín
6%
1 167 Herink
0%
322 Křížkový Újezdec
0%
976 Oleška
0%
115 Oplany
0%
287 Pětihosty
0%
96 Prusice
0%
712 Věteušice
0%
243 Vlkančice
0%
1 009 Všestary
0%
175 Výžerky
0%
No matching quizzes found
Score Distribution
Percent of People with Each Score
Percentile by Number Answered
Your Score History
You have not taken this quiz